00768cam a22002297a 4500003000500000005001700005008004100022010000900063011000900072035000900081040000900090100003500099245012200134260004000256300002100296502008100317650001500398650002000413650004500433650002900478700003100507CHAP20220329133437.0971013s1992 r 00010 d a6466 a7438 a6661 cCHAP00aBautista Acosta, José Eslik. 0aEstudio integral del ensalitramiento en los ejidos de San Martín Netzahualcóyotl y Zapotlán, Estado de México aChapingo, Méx. :bEl autor,c1992 a154 h.b; planos aTesis (Ing. Agr. Esp. en Irrigación) -- UACH. Departamento de Irrigación14aSalinidad.14aSuelos salinos.14aSuelosxClasificaciónxMéxico (Edo.)14aSueloszMéxico (Edo.).0 aCruz García, Zetl de la.